| 000 | 00891caa a22002417a 4500 | ||
|---|---|---|---|
| 999 |
_c408671 _d408671 |
||
| 001 | 122375 | ||
| 003 | UA-OsUOA | ||
| 005 | 20200221165328.0 | ||
| 007 | ta | ||
| 008 | 20170425b un ||||| |||| 00| 0 ukr d | ||
| 040 |
_aUA-OsUOA _bukr _cUA-OsUOA _dUA-OsUOA |
||
| 041 | _aukr | ||
| 080 | _a908 | ||
| 090 |
_a908 _bК49 |
||
| 100 | _aОгородник І. | ||
| 245 |
_aКлірик Острозький: український письменник-полеміст кінця XVI ст. _cІ. Огородник |
||
| 300 | _aС. 120–123 | ||
| 650 | 7 |
_a908 Краєзнавство _2UDC |
|
| 773 | 0 |
_0308332 _9304788 _aОгородник І.В. _dКиїв Либідь 1997 _o62460 _tУкраїнська філософія в іменах _w(UA-OsUOA) 22118 _z5-325-00792-0 |
|
| 942 |
_cBKA _2udc |
||
| 955 | _a2 | ||